Normal view
MARC view
Entry Personal Name
001 - CONTROL NUMBER
- control field: 767403
003 - CONTROL NUMBER IDENTIFIER
- control field: OSt
005 - DATE AND TIME OF LATEST TRANSACTION
- control field: 20250508155738.0
008 - FIXED-LENGTH DATA ELEMENTS
- fixed length control field: 250508|| aca||aabn | a|a d
040 ## - CATALOGING SOURCE
- Original cataloging agency: OSt
- Transcribing agency: OSt
100 ## - HEADING--PERSONAL NAME
- Personal name: Sharma Satya Pal
670 ## - SOURCE DATA FOUND
- Source citation: Work cat.: (OSt)1359081: Sharma Satya Pal, Study of reactions of fourth lok sabha (1967-70) towards the Kothari Education Commission report (1964-66), 1972
